ბათუმის შოთა რუსთაველის სახელმწიფო უნივერსიტეტის ბიბლიოთეკა

სისხლი სისხლის წილ... (ბიბ.ჩანაწერი № 49087)

000 -LEADER
fixed length control field 00928nam a2200229Ia 4500
001 - CONTROL NUMBER
control field 15994
003 - CONTROL NUMBER IDENTIFIER
control field GE_BSU
008 - FIXED-LENGTH DATA ELEMENTS--GENERAL INFORMATION
fixed length control field 181216s||||||||xx |||||||||||||| ||und||
040 ## - CATALOGING SOURCE
Transcribing agency GE_BSU
080 ## - UNIVERSAL DECIMAL CLASSIFICATION NUMBER
Universal Decimal Classification number 821.353.1-4
100 ## - MAIN ENTRY--PERSONAL NAME
Personal name ჯაველიძე, გენო
245 ## - TITLE STATEMENT
Title სისხლი სისხლის წილ...
245 ## - TITLE STATEMENT
Remainder of title ლიტერატურული ჩანაწერი გ. სანადირაძისა
245 ## - TITLE STATEMENT
Statement of responsibility, etc. რედ. ნ.ქართველიშვილი. მხ. ო.ჯიშკარიანი
260 ## - PUBLICATION, DISTRIBUTION, ETC.
Place of publication, distribution, etc. თბილისი
260 ## - PUBLICATION, DISTRIBUTION, ETC.
Name of publisher, distributor, etc. ნაკადული
260 ## - PUBLICATION, DISTRIBUTION, ETC.
Date of publication, distribution, etc. 1973
300 ## - PHYSICAL DESCRIPTION
Extent 95გვ. : 1ფ. პორტრ. ; 21სმ.
653 ## - INDEX TERM--UNCONTROLLED
Uncontrolled term ლიტერატურული ჩანაწერი გ. სანადირაძისა
653 ## - INDEX TERM--UNCONTROLLED
Uncontrolled term სისხლი სისხლის წილ...
942 ## - ADDED ENTRY ELEMENTS (KOHA)
Koha item type წიგნი
ეგზემპლარები
Withdrawn status Lost status Damaged status Not for loan Date acquired Barcode Date last seen Price effective from Koha item type
        2018-12-17 39795 2018-12-17 2018-12-17 წიგნი